Oxford Elementary Learner`s Engilsh-Urdu Dictionary (Record no. 16480)

MARC details
000 -LEADER
fixed length control field 00609nam a2200229 a 4500
020 ## - INTERNATIONAL STANDARD BOOK NUMBER
ISBN 9780195793352
082 00 - DEWEY DECIMAL CLASSIFICATION NUMBER
Classification number 491.43921
Author Cutter CRA
100 ## - MAIN ENTRY--AUTHOR NAME
Author name Crawley, Angela
245 ## - TITLE STATEMENT
Title Oxford Elementary Learner`s Engilsh-Urdu Dictionary
260 ## - PUBLICATION, DISTRIBUTION, ETC. (IMPRINT)
Place of publication Londan
Name of publisher Oxford University Press
Year of publication 2003
300 ## - PHYSICAL DESCRIPTION
Number of Pages 442p
500 ## - GENERAL NOTE
General note includes index and biblioraphy
650 ## - SUBJECT ADDED ENTRY--TOPICAL TERM
Topical Term Dictionary-English Urdu
942 ## - ADDED ENTRY ELEMENTS (KOHA)
Koha item type Books
700 1# -
-- Crawley, Angela
Holdings
Collection code Home library Current library Date acquired Cost, normal purchase price Full call number Accession Number Koha item type
  Henry Martyn Institute Library Henry Martyn Institute Library 06/14/2010 275.00 491.43921 CRA 023294 Books
                   Copyright © 2026 | Henry Martyn Institute | Hyderabad | TS-500052 | INDIA | Implemented by hmi.edu.in
Hit-Count:

Powered by Koha